00459 2200181 4500001002100000008004100021035002000062082000800082084001400090100001900104245006500123250000600188260003700194300001200231650001000243990001200253990001200265INLIS000000000000912 ind  a0010-0524000147 a813 a813 FAH h aKhakim, Fahrul aHiding My Heart ( Setetes Embun Dari London )cFahrul Khakim a1 aYogyakarta :bSheila/ Andic2015 a200 hlm aFiksi a0741428 a0741429